000 00518nam a2200181Ia 4500
005 20250508151802.0
008 008 250505s9999 xx 000 0 hin d
037 _aTextual
040 _aFEDL
_beng
_cFEDL
041 _ahin
_2hin
084 _a915.4, JOS
_qFEDL
100 _aJoshi G D
_9759991
245 0 _aSaikil-yatara, Pratham Bhag: Delhi se Calcutta tak
260 _aBombay, India
_bHimalayan Publications
_c1949
300 _a128p
942 _cTEXL
_h915.4, JOS
999 _c1332138
_d1332138